James A. Garfield Trivia - Statistics

General Stats
  • This quiz has been taken 23 times
  • The average score is 6 of 10
Answer Stats
# Questions Answer % Correct
1 What political party did Garfield belong to? Republican
100%
2 Who was Garfield's vice president? Chester A. Arthur
85%
4 What US state was Garfield born in? Ohio
85%
7 What year was Garfield elected? 1880
80%
8 What president served before Garfield Rutherford B. Hayes
75%
6 In what month did he die? September
70%
9 Garfield was a Major General during whatwar? American Civil War
45%
3 Who shot James A. Garfield? Charles J. Guiteau
45%
5 What does the A stand for in his name? Abram
25%
10 Who did Garfield run against in his election Winfield Scott Hancock
20%
No matching quizzes found
Score Distribution
Percent of People with Each Score
Percentile by Number Answered
Your Score History
You have not taken this quiz